Roads, Sensitive Habitats and Wildlife: (Record no. 189389)

MARC details
000 -LEADER
fixed length control field 00678nam a22001937a 4500
005 - DATE AND TIME OF LATEST TRANSACTION
control field 20220628110858.0
010 ## - LCCN (DPL NO)
LC control number ENG-133398
020 ## - INTERNATIONAL STANDARD BOOK NUMBER
International Standard Book Number 9788185496102
Terms of availability 550.00
035 ## - SYSTEM CONTROL NUMBER
System control number EN-116930
037 ## - SOURCE OF ACQUISITION
Source of stock number/acquisition DBAD/PUB
082 ## - DEWEY DECIMAL CLASSIFICATION NUMBER
Classification number 577.553395
100 ## - MAIN ENTRY--PERSONAL NAME
Personal name Rajvanshi, Asha
245 ## - TITLE STATEMENT
Title Roads, Sensitive Habitats and Wildlife:
Remainder of title Environmental Guideline for India and South Asia/
Statement of responsibility, etc Asha Rajvanshi [et. al...]
260 ## - PUBLICATION, DISTRIBUTION, ETC. (IMPRINT)
Place of publication, distribution, etc Dehradun
Name of publisher, distributor, etc Wildlife Institute of India
Date of publication, distribution, etc 2001
270 ## - ADDRESS
Address Post Box # 18, Chandrabani
City Dehradun
Postal code 248001
Telephone number 91135640111
300 ## - PHYSICAL DESCRIPTION
Extent x,215p.
Dimensions 22cm(pbk)
Other physical details Index
700 ## - ADDED ENTRY--PERSONAL NAME
Personal name Asha Rajvanshi [et. al...]
942 ## - ADDED ENTRY ELEMENTS (KOHA)
Source of classification or shelving scheme Dewey Decimal Classification
Item type English Books
Classification part 577.553395
Call number suffix RAJ
Holdings
Withdrawn status Lost status Not for loan Collection code Home library Current library Date acquired Source of acquisition Cost, normal purchase price Full call number Barcode Copy number Cost, replacement price Koha item type
      Non-fiction Ashok Vihar Ashok Vihar 28/06/2022 DBAD/PUB 550.00 577.553395 RAJ EN-116930 1 550.00 English Books

© Delhi Public Library
Hit Counter
free hit counter